| 000 | 00601nam a22001817a 4500 | ||
|---|---|---|---|
| 010 | _aB-159984 | ||
| 020 |
_a817341355 _c195.00 |
||
| 035 | _aB-159984 | ||
| 037 | _bIndian Publishers' Distributors | ||
| 082 | _aN | ||
| 100 | _aBurney, Aziz | ||
| 245 |
_aPratikraiya: _breaction of action _cAziz Burney |
||
| 260 |
_aDelhi _bIndian Publishers' Distributors _c2004 |
||
| 270 |
_a156-D Kamla Nagar, Delhi-110007 _bDelhi _e110007 |
||
| 300 |
_a126p. _c21cm(hb) |
||
| 942 |
_2ddc _cEN _hN _mBUR |
||
| 999 |
_c153511 _d153511 |
||